000 00799nam a2200217 a 4500
001 000034078
005 20200930070744.0
008 110914s2006 ag 000 0 spa d
020 _a9789505564859
040 _aDO-SdBNP
_bspa
_cBNPHU
100 1 _aPuiggrós, Rodolfo,
_d1906-1980.
_931702
245 1 3 _aEl perionismo: /
_csus casas /.
260 _aBuenos Aires, Argentina :
_bEditorial Galerna,
_c2006.
300 _a166 p. :
_bil. ;
_c23 cm.
490 1 _aHistoria crítica de los partidos políticos Argentinos
_v5
490 1 _aBiblioteca popular
_aDocumentos
500 _aIncluye referencias bibliográficas y notas al pie de las páginas
830 0 _aHistoria crítica de los partidos políticos Argentinos
_v5
_959410
830 0 _aBiblioteca popular
_pDocumentos
_959411
049 _aBNPD
999 _c33569
_d33569